000 00664nam a22001937a 4500
005 20251108165308.0
008 250721s1994 xx 000 0 ara d
082 1 4 _a958.5/عبد
100 1 _aالطاهر، عبد الباري محمد
245 1 0 _aخراسان و ما وراء النهر :
_bبلاد أضاءت العالم بالإسلام /
264 _bرياض الصالحين،
_c1994.
300 _a433ص
490 0 _aسلسلة الإسلام في بلاد ما وراء النهر ؛ 1
650 1 7 _aآسيا الوسطى
650 1 7 _aالتاريخ
650 1 7 _aالبلدان الإسلامية
942 _2ddc
_cBK
999 _c24372
_d24372